000 01394cam a2200349 i 4500
001 22306
003 Mx-PuUPA
005 20240410103732.0
008 140415s1958 mx gr 000 e spa d
040 _aMx-PuUPA
_bspa
_cMx-PuUPA
_dMx-PuUPA
_erda
041 1 _aspa
100 1 _aCole, G. D. H.,
_q(George Douglas Howard),
_913970
_d1889-1959,
_eautor
240 1 0 _aA history of socialist thought.
_nII.
_pMarxism and anarchism (1850-1980).
_lEspañol
245 1 0 _aHistoria del pensamiento socialista.
_nII.
_pMarxismo y anarquismo 1850-1890 /
_cG.D.G Cole ; traducción de Rubén Landa
250 _aPrimera edición
264 1 _aMéxico, D.F. :
_bFondo de Cultura Económica,
_c1958
300 _a439 páginas ;
_c20 cm
336 _2rdacontent
_atexto
_btxt
337 _2rdamedia
_asin medio
_bn
338 _2rdacarrier
_avolumen
_bnc
490 0 _aSección de Obras de Sociología
650 7 _aSocialismo
_xHistoria
_2armarc
650 7 _2armarc
_aAnarquismo
650 7 _2armarc
_aComunismo
650 7 _2armarc
_aMarxismo
650 7 _2armarc
_aSocialismo
700 1 _aLanda, Rubén,
_etraductor
765 0 _aCole, G. D. H., (George Douglas Howard), 1889-1959,
_dLondres : Macmillan and Co., 1953
_tA history of socialist thought. II. Marxism and anarchism (1850-1980).
942 _2ddc
_h320.531
_cLI
_iC683
999 _c22306
_d22306